00346pam a2200145a 44500008004100000020000900041041001200050082000800062100001400070245007300084250000600157260002100163300000700184650000900191230515b1980 xxu||||| |||| 00| 0 eng d aNULL aENGLISH a630 a4903-1979 aGUIDE FOR TREATMENT AND DISPOSAL OF EFFLUENTS OF CANE SUGAR INDUSTRY a0 aDELHIbISIc1980 a12 aNULL